00444nam a2200145 a 450000100100000000500170001000800410002704000250006808200150009310000200010824500660012826000530019430000210024770000300026800002595020200930024158.0110224s1997 ck r 000 0 spa d aDO-SdBNPbspacBNPHU axxxxbxxxx1 aYoshúa, A. B.10aMoljo /cA. B. Yoshúa ; traducción de Ana Maria Bejerano. aSantafé de Bogotá :bL. B. Publising,c1997. a314 p. ;c24 cm.1 aBejerano, Ana Maria,etr.